1635 1266 1939 1055 1857 1372 1267 1377 1854 1993 1536 1247 1977 1498 1748 1518 1924 1458 1004 1930 1195 1617 1503 1495 1597 1884 1880 1720 1980 1018 1102 1110 1321 1889 1082 1187 1120 1741 1798 1980 1722 1528 1994 1458 1464 1702 1013 1593 1381 1660 1299 1743 1652 1042 1718 1845 1884 1041 1619 1852 1977 1650 1365 1323 1725 1210 1831 1443 1436 1933 1507 1594 1149 1268 1134 1852 1673 1100 1745 1785 1406 1494 1949 1719 1423 1538 1428 1320 1767 1345 1709 1012 1699 1420 1536 1914 1201 1178 1345 BCNSPRNW ULIB Ver.6.0+V

เปลี่ยนเป็นภาษาไทย

Change to English
 แสดงรายละเอียดบรรณานุกรม
  กลับหน้าหลัก

Brief Record : Get Marc (ISO 2709) : E-mail record : QR code < ปิดหน้าต่าง
LEADER : 00000nam 2200000uu 4500
001    13399125640
003     ULIB
008    170712s2558||||th 000 0 tha d
020    ^a9786163202307
060 04 ^aW327^bด123ค
100 0  ^aดนัย นนทนันท์
245 00 ^aคู่มือดูแลสุขภาพด้วยตนเองเบื้องต้น /^cดนัย นนทนันท์
260    ^aกรุงเทพฯ :^bซีเอ็ดยูเคชั่น,^c2558
300    ^a111 หน้า :^bภาพประกอบ
650  4 ^aการดูแลตนเอง
650  4 ^aโรค, การป้องกันและรักษา
700 0  ^aพัชรา จำรัสพร
945    ^p90^l0^i002618
999    ^aประนอม เกษจรัล
รายการนี้ยังไม่มีแท็ก
คุณยังไม่ได้ล็อกอิน คุณสามารถมีกิจกรรมร่วมกับเว็บไซต์ได้ แต่ต้องล็อกอินก่อน ::
  ล็อกอิน

รายการสื่อสารสนเทศ

ลำดับที่ ประเภท เลขเรียก/บาร์โค้ด สถานที่ สถานะ
1. วิทยาศาสตร์การแพทย์ และสุขภาพ
วิทยาศาสตร์การแพทย์ และสุขภาพ
สถานะ=หนังสือเก่า
W327 ด123ค ฉ.1 
  Barcode: 002618
ห้องสมุดวิทยาเขตสวรรค์ประชารักษ์
►ส่วนจัดเก็บหนังสือเก่า สปร
บนชั้น
  ขอยืม

รายการใกล้เคียง
    ผู้แต่ง [ดนัย นนทนันท์]

    หัวเรื่อง [การดูแลตนเอง]
    หัวเรื่อง [โรค, การป้องกันและรักษา]

BibComment


ยังไม่เคยถูกคอมเมนท์

คอมเมนท์ทรัพยากรรายการนี้
  คอมเมนท์: คู่มือดูแลสุขภาพ..


 Copyright 2026. Bcnsprnw @Library